000 00864nas a2200289 4500
001 BR0202304
003 BR-BrBNA
005 20231205102931.0
007 ta
008 230509b bl.|||p| |||| 00| 00por d
040 _aBR-BrBNA
_bpor
_cBiblioteca Nacional de Agricultura
041 _a(Pt)
072 _aQ02
100 1 _aPereira-Ramirez, O.
100 1 _aAbib, E.N.
100 1 _aKoetz, P.R.
245 1 _aAvaliação de um reator UASB para o tratamento de efluentes da indústria de óleo de arroz
650 _aARROZ
650 _aÓLEO VEGETAL
650 _aINDÚSTRIA
650 _aFARELO
650 _aMÁQUINA
650 _aDIGESTÃO ANAERÓBIA
773 0 _tRevista Brasileira de Agrociência (Brazil)
_xISSN 0104-8996
_g(May-Aug 2000), v. 6(2) p. 115-119
_wBR0202304
909 _a202311
_bLúcia
_c55
_dLúcia Elande
942 _2AGRIS
_n0
_cANA
999 _c170142
_d170142